The gardens of mughul India (Record no. 136184)
[ view plain ]
| 000 -LEADER | |
|---|---|
| fixed length control field | 00730nam a22002177a 4500 |
| 010 ## - LIBRARY OF CONGRESS CONTROL NUMBER | |
| LC control number | 707301 |
| 035 ## - SYSTEM CONTROL NUMBER | |
| System control number | 707301 |
| 037 ## - SOURCE OF ACQUISITION | |
| Stock number | Cen Lib/Ret |
| 040 ## - CATALOGING SOURCE | |
| Original cataloging agency | DPL |
| Language of cataloging | EN |
| 082 ## - DEWEY DECIMAL CLASSIFICATION NUMBER | |
| Classification number | 712.620954 |
| Item number | CRO |
| 100 ## - MAIN ENTRY--PERSONAL NAME | |
| Personal name | Crowe, Sylvia |
| 9 (RLIN) | 113468 |
| 245 ## - TITLE STATEMENT | |
| Title | The gardens of mughul India |
| Remainder of title | a history and guide |
| Statement of responsibility, etc | by Sylvia Crowe, Sheila Haywood [and] Susan Jellicoe... [et. al.] |
| 260 ## - PUBLICATION, DISTRIBUTION, ETC. (IMPRINT) | |
| Place of publication, distribution, etc | Delhi |
| Name of publisher, distributor, etc | Vikas Publishing House Pvt. Ltd |
| Date of publication, distribution, etc | 1972 |
| 300 ## - PHYSICAL DESCRIPTION | |
| Extent | 200p ; |
| Other physical details | 24cm(Hb) |
| 650 ## - SUBJECT ADDED ENTRY--TOPICAL TERM | |
| Topical term or geographic name as entry element | Gardens, Mogul. |
| 9 (RLIN) | 113469 |
| 650 ## - SUBJECT ADDED ENTRY--TOPICAL TERM | |
| Topical term or geographic name as entry element | Gardens -- India. |
| 9 (RLIN) | 24657 |
| 650 ## - SUBJECT ADDED ENTRY--TOPICAL TERM | |
| Topical term or geographic name as entry element | India -- History -- 1526-1765. |
| 9 (RLIN) | 113470 |
| 700 ## - ADDED ENTRY--PERSONAL NAME | |
| Personal name | Haywood, Sheila |
| 9 (RLIN) | 113471 |
| 700 ## - ADDED ENTRY--PERSONAL NAME | |
| Personal name | Jellicoe, Susan |
| 9 (RLIN) | 113472 |
| 942 ## - ADDED ENTRY ELEMENTS (KOHA) | |
| Source of classification or shelving scheme | Dewey Decimal Classification |
| Koha item type | English Books |
| Classification part | 712.620954 |
| Call number suffix | CRO |
| Withdrawn status | Lost status | Damaged status | Not for loan | Home library | Current library | Date acquired | Source of acquisition | Total Checkouts | Total Renewals | Full call number | Barcode | Date last seen | Date checked out | Copy number | Price effective from | Koha item type |
|---|---|---|---|---|---|---|---|---|---|---|---|---|---|---|---|---|
| Central Library | Central Library | 26/12/2015 | Cen Lib/Ret | 5 | 1 | 712.620954 CRO | 707301 | 04/03/2021 | 17/02/2021 | 1 | 26/12/2015 | English Books |
